01131nam a2200265 a 4500001001000000003000500010005001700015008004100032010001100073011001100084040000900095100003300104245021800137260004100355500006000396502010900456650004000565650003700605650002500642650005100667700003200718700002900750856001600779856007000795000112077CHAP20220329144245.0151202s2015 mx sm |||||||spa d a108538 a109510 cCHAP1 aCerecedo Martínez, Ernesto10aEvaluación del rendimiento y resistencia a enfermedades en quince genotipos de frijol (Phaseolus Vulgaris L.)h[En línea]cpor Ernesto Cerecedo Martínez, Miguel Angel Juárez Maya y Edgar López Sánchez. aChapingo, Méx. :bEl autor,c2015. aPara ver el contenido del material haga clic en la liga aTesis (Ing. Agr. Esp. en Parasitología Agrícola) -- UACH. Departamento de Parasitología Agrícola14aFrijolxEnfermedades por bacterias.14aFrijolxEnfermedades por hongos.14aFrijolxRendimiento.14aFrijolxVariedades resistentes a enfermedades.1 aJuárez Maya, Miguel Angel1 aLópez Sánchez, Edgar a1 n0001502 aFinding aiduhttp://10.13.5.2/tesis/sist112077.pdfzTeclea aquí